Library of the University of Algiers 3
Ibrahim Sultan Cheibout
شعار جامعة الجزائر 3
مكتبة جامعة الجزائر 3
إبراهيم سلطان شيبوط

التمييز التسويقي / (رقم التسجيلة. 45238)

تفاصيل مارك
000 -LEADER
fixed length control field 00874nam a2200205Ia 4500
003 - CONTROL NUMBER IDENTIFIER
control field Ost
005 - DATE AND TIME OF LATEST TRANSACTION
control field 20260507075632.0
008 - FIXED-LENGTH DATA ELEMENTS--GENERAL INFORMATION
fixed length control field 260507s9999||||xx |||||||||||||| ||und||
040 ## - CATALOGING SOURCE
Transcribing agency fsecg
041 ## - LANGUAGE CODE
Language code of text/sound track or separate title ara
082 ## - DEWEY DECIMAL CLASSIFICATION NUMBER
Classification number 658.8
100 ## - MAIN ENTRY--PERSONAL NAME
Personal name شاستون، لان
Relator term مؤلف
245 #0 - TITLE STATEMENT
Title التمييز التسويقي /
Statement of responsibility, etc. لان شاستون
260 ## - PUBLICATION, DISTRIBUTION, ETC.
Place of publication, distribution, etc. الرياض:
Name of publisher, distributor, etc. المؤتمن للتوزيع,
Date of publication, distribution, etc. 1998
300 ## - PHYSICAL DESCRIPTION
Extent 223 صفحة؛
Dimensions 21 سم
504 ## - BIBLIOGRAPHY, ETC. NOTE
Bibliography, etc. note المراجع ص.314
520 ## - SUMMARY, ETC.
Summary, etc. تجد في هذا الكتاب : ادارة المراجع التسويقية ، الأمكانيات الداخلية ونقاط الضعف، بنية العمل، الفرص ومصدر التغير ، إختيار الإستراتجيات المناسبة ، إدارة المنشأت الجديدة
653 ## - INDEX TERM--UNCONTROLLED
Uncontrolled term إدارة التسويق
942 ## - ADDED ENTRY ELEMENTS (KOHA)
Koha item type كتب
المقتنيات
Withdrawn status Lost status Source of classification or shelving scheme Damaged status Not for loan Home library Current library Date acquired Serial enumeration / chronology Inventory number Total checkouts Full call number Barcode Date last seen Price effective from Koha item type
    Dewey Decimal Classification   NOT LOAN / إعارة داخلية مكتبة كلية العلوم الإقتصادية والعلوم التجارية وعلوم التسيير مكتبة كلية العلوم الإقتصادية والعلوم التجارية وعلوم التسيير 07/05/2026 الطابق الأرضي 760/1   أ/760ن1 760/1 07/05/2026 07/05/2026 كتب

موارد الويب المفتوحة


© University of Algiers 3 All Rights Reserved
|
Implemented by LECHELAH Riad